Billboard Global Top 20 - January 31, 2025 - Statistics

General Stats
  • This quiz has been taken 12 times
  • The average score is 11 of 20
Answer Stats
# Artist Song % Correct
13 Lady Gaga, Bruno Mars Die With A Smile
92%
1 Taylor Swift The Fate Of Ophelia
83%
3 HUNTR/X Golden
75%
2 Djo End Of Beginning
67%
16 The Police Every Breath You Take
67%
4 Bruno Mars I Just Might
67%
7 Alex Warren Ordinary
67%
10 sombr Back To Friends
58%
14 Taylor Swift Opalite
58%
8 Zara Larsson Lush Life
50%
5 Olivia Dean Man I Need
50%
9 Olivia Dean So Easy (To Fall In Love)
50%
6 RAYE Where Is My Husband!
50%
15 Ella Langley Choosin' Texas
42%
19 PinkPantheress, Zara Larsson Stateside
42%
11 Sienna Spiro Die On This Hill
33%
17 Disco Lines, Tinashe No Broke Boys
33%
20 Bad Bunny Baile Inolvidable
25%
18 Lil Uzi Vert What You Saying
25%
12 Dave, Tems Raindance
17%
No matching quizzes found
Score Distribution
Percent of People with Each Score
Percentile by Number Answered
Your Score History
You have not taken this quiz